| Tag |
First Indicator |
Second Indicator |
Subfields |
| LEADER |
00000cam a2200000 4500 |
| 001 |
in00003846913 |
| 005 |
20190415183538.0 |
| 006 |
m o d |
| 007 |
cr |n||||||||n |
| 008 |
930401s1777 enk|||| o 00||||fre c |
| 035 |
|
|
|a (CU-RivES)N53069
|
| 035 |
|
|
|a (Uk-ES)006047072
|
| 035 |
|
|
|a (OCoLC)508263176
|
| 040 |
|
|
|a CU-RivES
|c CU-RivES
|d CU-RivES
|d CStRLIN
|d CU-RivES
|d Cengage Gale
|d UtOrBLW
|
| 050 |
|
4 |
|a AC4
|b .P455 1777
|
| 100 |
1 |
|
|a Philidor, F. D.
|q (François Danican),
|d 1726-1795.
|
| 240 |
1 |
0 |
|a Analyze des echecs
|
| 245 |
1 |
0 |
|a Analyse du jeu des échecs :
|b Nouvelle édition, considérablement augmentée, par A.D. Philidor.
|
| 264 |
|
1 |
|a Londres :
|b Chez P. Elmsley, dans le Strand,
|c MDCCLXXVII. [1777]
|
| 300 |
|
|
|a 1 online resource (12 unnumbered pages, 302, 6 unnumbered pages, plate) :
|b portrait ;
|
| 336 |
|
|
|a text
|b txt
|2 rdacontent
|
| 337 |
|
|
|a computer
|b c
|2 rdamedia
|
| 338 |
|
|
|a online resource
|b cr
|2 rdacarrier
|
| 500 |
|
|
|a A. D. Philidor = François André Danican.
|
| 510 |
4 |
|
|a English Short Title Catalog,
|c N53069.
|
| 500 |
|
|
|a Reproduction of original from National Library of Scotland.
|
| 500 |
|
|
|a Electronic resource.
|
| 650 |
|
0 |
|a Chess
|v Early works to 1800.
|0 http://id.loc.gov/authorities/subjects/sh2009118886
|
| 655 |
|
7 |
|a Electronic books.
|2 local
|
| 710 |
2 |
|
|a Gale (Firm)
|0 http://id.loc.gov/authorities/names/no2008071348
|
| 752 |
|
|
|a Great Britain
|b England
|d London.
|
| 856 |
4 |
0 |
|u http://proxy.library.tamu.edu/login?url=http://find.galegroup.com/ecco/infomark.do?contentSet=ECCOArticles&docType=ECCOArticles&bookId=1474500200&type=getFullCitation&tabID=T001&prodId=ECCO&docLevel=TEXT_GRAPHICS&version=1.0&source=library&userGroupName=txshracd2898
|z Connect to the full text of this electronic book
|t 0
|
| 999 |
f |
f |
|s 37a7cd69-28ef-3144-9d67-c7c5ebad6ff7
|i 7b745270-3445-3d7b-8ce8-cc7024f8702f
|t 0
|
| 952 |
f |
f |
|a Texas A&M University
|b College Station
|c Electronic Resources
|d Available Online
|t 0
|e AC4 .P455 1777
|h Library of Congress classification
|
| 998 |
f |
f |
|a AC4 .P455 1777
|t 0
|l Available Online
|